[Event "Titled Tuesday intern op 7th May"]
[Site "Chess.com INT"]
[Date "2019.05.07"]
[Round "1"]
[White "Avalyan, Artur"]
[Black "Gines Esteo, Pedro Antonio"]
[Result "1-0"]
[WhiteElo "2385"]
[BlackElo "2404"]
[PlyCount "67"]
[EventDate "2019.05.07"]
[EventType "swiss (blitz)"]
[EventRounds "10"]
[EventCountry "USA"]
[SourceTitle "EXT 2021"]
[Source "ChessBase"]
[SourceDate "2020.10.23"]
[SourceVersion "1"]
[SourceVersionDate "2020.10.23"]
[SourceQuality "1"]

1. d4 d6 2. c4 e5 3. d5 g6 4. e4 Bh6 5. Nc3 Bxc1 6. Rxc1 a5 7. Bd3 Na6 8. Nge2 Nc5 9. Bc2 Bd7 10. 0-0 Qe7 11. b3 f5 12. exf5 gxf5 13. f3 Nf6 14. a3 0-0 15. b4 axb4 16. axb4 Na6 17. Rb1 c6 18. Ng3 f4 19. Nge4 Ne8 20. Qd2 Nac7 21. Rfd1 cxd5 22. Nxd5 Nxd5 23. Qxd5+ Be6 24. Qd3 Bf5 25. Ra1 Rc8 26. Qe2 Bg6 27. Ra7 Kh8 28. Kh1 Qe6 29. Bd3 d5 30. Nc5 Qc6 31. Bxg6 Qxg6 32. cxd5 Rg8 33. Rxb7 Nd6 34. Qxe5+ 1-0

[Event "Moscow op-A 15th"]
[Site "Moscow"]
[Date "2019.01.27"]
[Round "2"]
[White "Avalyan, Artur"]
[Black "Khegay, Dmitriy"]
[Result "1-0"]
[WhiteElo "2347"]
[BlackElo "2504"]
[PlyCount "59"]
[EventDate "2019.01.26"]
[EventType "swiss"]
[EventRounds "9"]
[EventCountry "RUS"]
[SourceTitle "CBM 188 Extra"]
[Source "ChessBase"]
[SourceDate "2019.02.26"]
[SourceVersion "1"]
[SourceVersionDate "2019.02.26"]
[SourceQuality "1"]

1. d4 Nf6 2. c4 e6 3. Nc3 Bb4 4. e3 0-0 5. a3 Bxc3+ 6. bxc3 c5 7. Bd3 Nc6 8. Ne2 b6 9. e4 Ne8 10. 0-0 Ba6 11. f4 f5 12. e5 Na5 13. d5 d6 14. g4 fxg4 15. dxe6 Qe7 16. Ng3 Rd8 17. Qxg4 dxe5 18. fxe5 Rxf1+ 19. Bxf1 Qc7 20. Bg5 Rb8 21. Rd1 Nc6 22. Rd7 Nxe5 23. Qf4 Nxd7 24. Qf7+ Kh8 25. exd7 Nd6 26. Qe7 h6 27. Bxh6 gxh6 28. Bd3 Kg8 29. Nh5 Nf7 30. Qe8+ 1-0